000 00696nam a2200205Ia 4500
001 22189
003 GE_BSU
008 181216s||||||||xx |||||||||||||| ||und||
040 _cGE_BSU
245 _aТеоретическая и математическая физика (Том 193) №3 Декабрь 2017
245 _cГл.ред.А.А.Славнов
260 _aМосква
260 _c2017
300 _a369-574 стр. 24см.
653 _aматематика
653 _aПериодика
653 _aТеоретическая и математическая физика.(Том 193) №3 декабрь 2017
653 _aპერიოდიკა
942 _cCR
999 _c55114
_d55114